Normal view
MARC view
- Geethu ,M
Entry Personal Name
001 - CONTROL NUMBER
- control field: 5121
003 - CONTROL NUMBER IDENTIFIER
- control field: OSt
005 - DATE AND TIME OF LATEST TRANSACTION
- control field: 20211130123814.0
008 - FIXED-LENGTH DATA ELEMENTS
- fixed length control field: 211130|| aca||aabn | a|a d
040 ## - CATALOGING SOURCE
- Original cataloging agency: OSt
- Transcribing agency: OSt
100 ## - HEADING--PERSONAL NAME
- Personal name: Geethu ,M
670 ## - SOURCE DATA FOUND
- Source citation: Work cat.: (OSt): Geethu ,M, Design and Development of Roto Seeder cum Herbicide Applicator for Dry Seeding of Rice, 2021
